Memoria y olvido: perspectivas evolucionista, cognitiva y neurocognitiva

Na minha lista:
Detalhes bibliográficos
Autor principal: Ruiz Vargas, José María (Author)
Formato: Livro
Idioma:espanhol
Publicado em: Madrid Trotta 2002
Colecção:Colección Estructuras y Procesos. Serie Cognitiva
Assuntos:
Tags: Adicionar Tag
Sem tags, seja o primeiro a adicionar uma tag!

MARC

LEADER 00000nam a2200000 a 4500
001 UCI5919
003 CL-VaPUC
008 080411e20020000SP |||||||||||||||||spa|d
020 |a 848164563X 
082 0 4 |a 155.413  |b RUI  |2 21 
100 0 |a Ruiz Vargas, José María  |e author  |9 528575 
245 1 0 |a Memoria y olvido: perspectivas evolucionista, cognitiva y neurocognitiva 
300 |a 402 p 
942 |c BK 
945 |d 20080411 00:00:00  |a jtorresc 
260 |a Madrid  |b Trotta  |c 2002 
650 7 |a PSICOLOGIA EXPERIMENTAL  |2 CL-VaPUC  |9 309015 
650 0 |a Memoria  |9 266549 
650 7 |a OLVIDO  |2 CL-VaPUC  |9 481279 
650 0 |a Mnemotecnia  |9 310301 
650 0 |a Inteligencia  |9 267038 
583 |a last modification  |c 20080411 00:00:00  |k Rodrigo Vera 
490 0 |a Colección Estructuras y Procesos. Serie Cognitiva 
999 |c 329559  |d 329557 
952 |0 0  |1 0  |4 0  |6 155_413000000000000_RUI_2002  |7 0  |8 A  |9 414450  |a BIBEDU  |b BIBEDU  |d 2019-11-22  |i 4426312  |o 155.413 RUI 2002  |p 4426312  |r 2019-11-22  |w 2019-11-22  |y BK  |k PSI